[Event "Liape Magistral 04 email"]
[Site "Liape email"]
[Date "2002.08.18"]
[Round "9"]
[White "Mendez, Axel Rene"]
[Black "Yanes Aulestia, Francisco Luis"]
[Result "1-0"]
[WhiteElo "2000"]
[BlackElo "2090"]
[PlyCount "25"]
[EventDate "2002.08.10"]
[EventType "tourn (corr)"]
[EventRounds "9"]
[EventCountry "ARG"]
[SourceTitle "Corr 2006"]
[Source "ChessBase"]
[SourceDate "2006.04.01"]
[SourceVersion "3"]
[SourceVersionDate "2006.04.01"]
[SourceQuality "1"]

1. c4 e5 2. Nc3 Nf6 3. Nf3 Nc6 4. e3 Bb4 5. Qb3 e4 6. Nd4 Ba5 7. Qb5 Bb6 8. Nxc6 dxc6 9. Qe5+ Qe7 10. Qxe7+ Kxe7 11. Be2 Rd8 12. 0-0 Bf5 13. f3 1-0

[Event "Liape Magistral 04 email"]
[Site "Liape email"]
[Date "2002.08.14"]
[Round "5"]
[White "Hilton, Stephen H"]
[Black "Mendez, Axel Rene"]
[Result "0-1"]
[WhiteElo "1945"]
[BlackElo "2000"]
[PlyCount "26"]
[EventDate "2002.08.10"]
[EventType "tourn (corr)"]
[EventRounds "9"]
[EventCountry "ARG"]
[SourceTitle "Corr 2006"]
[Source "ChessBase"]
[SourceDate "2006.04.01"]
[SourceVersion "3"]
[SourceVersionDate "2006.04.01"]
[SourceQuality "1"]

1. d4 f5 2. Bg5 g6 3. Nd2 Bg7 4. e3 h6 5. Bh4 Nf6 6. Ngf3 0-0 7. c4 c5 8. Nb3 cxd4 9. Nfxd4 a6 10. Bd3 e5 11. Nc2 g5 12. Bg3 f4 13. Bxf4 exf4 0-1

[Event "Liape Magistral 04 email"]
[Site "Liape email"]
[Date "2002.08.13"]
[Round "4"]
[White "Mendez, Axel Rene"]
[Black "Herrera, Carlos Alberto"]
[Result "0-1"]
[WhiteElo "2000"]
[BlackElo "1600"]
[PlyCount "54"]
[EventDate "2002.08.10"]
[EventType "tourn (corr)"]
[EventRounds "9"]
[EventCountry "ARG"]
[SourceTitle "Corr 2006"]
[Source "ChessBase"]
[SourceDate "2006.04.01"]
[SourceVersion "3"]
[SourceVersionDate "2006.04.01"]
[SourceQuality "1"]

1. d4 d5 2. c4 c6 3. Nc3 Nf6 4. Bg5 e6 5. e3 Be7 6. Nf3 0-0 7. Bd3 dxc4 8. Bxc4 h6 9. Bh4 b5 10. Bd3 Na6 11. a4 b4 12. Ne2 c5 13. 0-0 Bb7 14. Nd2 cxd4 15. Nxd4 Nc5 16. Bb5 Qc8 17. Rc1 a6 18. Be2 Rd8 19. N2b3 e5 20. Bxf6 gxf6 21. Bg4 Qc7 22. Bf5 exd4 23. Nxc5 Bxc5 24. exd4 Rxd4 25. Qxd4 Qxh2+ 26. Kxh2 Bxd4 27. Rc5 Bxc5 0-1

[Event "Liape Magistral 04 email"]
[Site "Liape email"]
[Date "2002.08.10"]
[Round "1"]
[White "Bonilla, Felix"]
[Black "Mendez, Axel Rene"]
[Result "0-1"]
[WhiteElo "1600"]
[BlackElo "2000"]
[PlyCount "42"]
[EventDate "2002.08.10"]
[EventType "tourn (corr)"]
[EventRounds "9"]
[EventCountry "ARG"]
[SourceTitle "Corr 2006"]
[Source "ChessBase"]
[SourceDate "2006.04.01"]
[SourceVersion "3"]
[SourceVersionDate "2006.04.01"]
[SourceQuality "1"]

1. d4 Nf6 2. c4 b5 3. d5 d6 4. f3 e6 5. e4 exd5 6. exd5 Be7 7. Nc3 Nbd7 8. Nh3 Bb7 9. Be2 Nb6 10. Nf4 h5 11. 0-0 g5 12. Nh3 0-0 13. Bxg5 Nfxd5 14. Nxd5 Bxg5 15. Nxg5 Nxd5 16. Qd2 Qf6 17. Ne4 Qf4 18. Rfd1 Rad8 19. Bf1 Qxd2 20. Rxd2 Kg7 21. Rad1 Ne3 0-1